000 00312nam a2200157Ia 4500
100 _aRao/S.
250 _a5
942 _cBK
654 _aTesting commissioning operation
245 _aTesting
260 _bKhanna pub.
_c1994
082 _a621.3
_bRAO
300 _a1362
546 _aENGLISH
999 _c25430
_d25430